Efectos jurídicos por la falta de divulgación de la ley de protección integral de la niñez y la adolescencia en cuanto a derechos garantías y deberes, en los estudiantes del tercer ciclo de educación básica del turno matutino del Complejo Educativo de Santa Clara, municipio de Santa Clara departamento San Vicente, en el periodo comprendido de enero a agosto de 2012 (Registro nro. 10120)

Detalles MARC
000 -LEADER
fixed length control field 01037nam a2200217Ia 4500
005 - FECHA Y HORA DE LA ÚLTIMA TRANSACCIÓN
control field 20231202164438.0
008 - FIXED-LENGTH DATA ELEMENTS--GENERAL INFORMATION
fixed length control field 231202s9999 xx 000 0 und d
040 ## - CATALOGING SOURCE
Original cataloging agency UPAN
Transcribing agency Biblioteca San Vicente
Description conventions RCAA2
041 ## - LANGUAGE CODE
Language code of text/sound track or separate title spa
082 ## - DEWEY DECIMAL CLASSIFICATION NUMBER
Classification number 323.352 026
Item number Ama
año de publicación 2012
100 ## - MAIN ENTRY--PERSONAL NAME
Personal name Amaya Ponce, Martha A. Martinez
Relator code aut.
245 #0 - TITLE STATEMENT
Title Efectos jurídicos por la falta de divulgación de la ley de protección integral de la niñez y la adolescencia en cuanto a derechos garantías y deberes, en los estudiantes del tercer ciclo de educación básica del turno matutino del Complejo Educativo de Santa Clara, municipio de Santa Clara departamento San Vicente, en el periodo comprendido de enero a agosto de 2012
260 ## - PUBLICATION, DISTRIBUTION, ETC. (IMPRINT)
Place of publication, distribution, etc San Vicente:
Name of publisher, distributor, etc Universidad Panamericana,
Date of publication, distribution, etc 2012
300 ## - PHYSICAL DESCRIPTION
Extent 120 p.;
Dimensions 28 cm.
650 ## - SUBJECT ADDED ENTRY--TOPICAL TERM
Source of heading or term LEMB
Topical term or geographic name as entry element Derechos
General subdivision Niños
650 ## - SUBJECT ADDED ENTRY--TOPICAL TERM
Source of heading or term LEMB
Topical term or geographic name as entry element Educación
700 ## - ADDED ENTRY--PERSONAL NAME
Personal name Baires, Juan Luis
Relator code aut.
700 ## - ADDED ENTRY--PERSONAL NAME
Personal name Najarro Hernàndez, Ana Leticia
Relator code aut.
700 ## - ADDED ENTRY--PERSONAL NAME
Personal name Ruìz Gonzalez, Martha Xenia
Relator code aut.
942 ## - ADDED ENTRY ELEMENTS (KOHA)
Koha item type Libros
Source of classification or shelving scheme Dewey Decimal Classification
Existencias
Withdrawn status Lost status Source of classification or shelving scheme Damaged status Not for loan Collection code Home library Current library Date acquired Total Checkouts Full call number Barcode Date last seen Copy number Price effective from Koha item type
    Dewey Decimal Classification     Tesario Biblioteca UPAN San Vicente Biblioteca UPAN San Vicente 02/12/2023   323.352 026 Ama 12101128 02/12/2023 01 02/12/2023 Trabajos de Grado